| 000 | 00922nmm a22002295u 4500 | ||
|---|---|---|---|
| 005 | 20210210212241.0 | ||
| 008 | 100301s2007 ii j eng d | ||
| 020 | _a9783835094536 | ||
| 050 | 0 | 4 |
_aHF1416 _bL48 2007 |
| 100 | 1 | _aLevi, Kiruba Jeyaseeli Benjamin. | |
| 245 | 1 | 0 |
_aMarket Entry Strategies of Foreign Telecom Companies in India _h[electronic resource] / _cby Kiruba Jeyaseeli Benjamin Levi. |
| 250 | _a1a ed. | ||
| 260 |
_aWiesbaden : _bDeutscher Universitäts-Verlag / GWV Fachverlage GmbH, Wiesbaden, _c2007. |
||
| 300 | _bv.: digital | ||
| 650 | 4 |
_aMercado de exportación _vEstudio de casos _xAdministración _z India |
|
| 650 | 4 |
_aEmpresas internacionales _vEstudio de casos _xAdministración |
|
| 710 | 2 | _aSpringerLink (Online service) | |
| 773 | 0 | _tSpringer eBooks | |
| 856 | 4 | 0 | _uhttp://dx.doi.org/10.1007/978-3-8350-9453-6 |
| 942 |
_2lcc _cLIE |
||
| 999 |
_c17684 _d17684 |
||